Statistics for Philippines Provincial Capitals - Visayas

Click here to take the quiz!

General Stats

  • This quiz has been taken 533 times
    (512 since last reset)
  • The average score is 12 of 16

Answer Stats

HintAnswer% Correct
CebuCebu City
95%
IloiloIloilo City
91%
Negros OccidentalBacolod
87%
BoholTagbilaran
87%
LeyteTacloban
85%
AklanKalibo
81%
CapizRoxas
80%
Negros OrientalDumaguete
79%
SiquijorSiquijor
79%
SamarCatbalogan
67%
BiliranNaval
66%
Southern LeyteMaasin
66%
AntiqueSan Jose de Buenavista
65%
GuimarasJordan
65%
Northern SamarCatarman
63%
Eastern SamarBorongan
61%

Score Distribution

Percentile by Number Answered

Percent of People with Each Score

Your Score History

You have not taken this quiz since the last reset